Mathematics in Science and Technologies 2016 : proceedings of the MIST conference 2016, January 2-7 2016, Fačkovské sedlo, Kľak, Slovakia
Guardado en:
| Autor Corporativo: | |
|---|---|
| Otros Autores: | , , , |
| Formato: | Procedimiento de la Conferencia Libro |
| Lenguaje: | inglés |
| Publicado: |
Žilina :
CreateSpace Independent Publishing Platform,
2016
|
| Etiquetas: |
Sin Etiquetas, Sea el primero en etiquetar este registro!
|
MARC
| LEADER | 00000nam a22000003a 4500 | ||
|---|---|---|---|
| 001 | 0018404 | ||
| 003 | SK-STU | ||
| 005 | 20161103153523.0 | ||
| 007 | ta | ||
| 008 | 161103s ----xo-----e------000-0-----d | ||
| 020 | |a 978-1533605665 | ||
| 040 | |a STU |b slo | ||
| 041 | 0 | |a eng | |
| 044 | |a xo | ||
| 111 | 2 | |a Mathematics in Science and Technologies |d 2. - 7. 1. 2016 |c Fačkovské sedlo, Kľak, Slovenská republika | |
| 245 | 1 | 0 | |a Mathematics in Science and Technologies 2016 : |b proceedings of the MIST conference 2016, January 2-7 2016, Fačkovské sedlo, Kľak, Slovakia |
| 260 | |a Žilina : |b CreateSpace Independent Publishing Platform, |c 2016 | ||
| 300 | |a 90 s. | ||
| 700 | 1 | |a Jančigová, Iveta |r Z5 |4 edt | |
| 700 | 1 | |a Tóthová, Renáta |4 edt | |
| 700 | 1 | |a Bachratý, Hynek |4 rev | |
| 700 | 1 | |a Bachratá, Katarína |4 rev | |
| 996 | |c V* 2386/sc-16 |l VV11 |s P |a 0 |w 0018404_0001 | ||